| 000 | 00997nac a22002897a 4500 | ||
|---|---|---|---|
| 001 | BR8805614 | ||
| 003 | BR-BrBNA | ||
| 005 | 20240105120836.0 | ||
| 008 | 230509b bl.|||m| |||| 00| 0 por d | ||
| 040 |
_aBR-BrBNA _bpor _cBiblioteca Nacional de Agricultura |
||
| 072 | _aQ04 | ||
| 090 | _a9921 BR8805614 | ||
| 100 | 1 | _aRizzon, L.A. | |
| 100 | 1 | _aSalvador, M.B.G. | |
| 110 | 1 | _aCentro Nacional de Pesquisa de Uva e Vinho, Bento Goncalves, RS (Brasil) | |
| 245 | 1 | _aTeores de cations dos vinhos da microrregiao homogenea vinicultora de Caxias do Sul (MRH 311) | |
| 246 | 1 | _a[Cations theors of wines from Caxias do Sul] | |
| 260 | 3 |
_aBento Goncalves, RS (Brasil): _c1987. |
|
| 300 | _a4 p. | ||
| 490 |
_aComunicado Tecnico - Centro Nacional de Pesquisa de Uva e Vinho (Brazil) _vno. 4 _xISSN 0102-9975 |
||
| 650 | _aVINHO | ||
| 650 | _aCATION | ||
| 650 | _aCAXIAS DO SUL | ||
| 650 | _aRIO GRANDE DO SUL | ||
| 909 |
_a202312 _bLúcia Elande _c55 _dLúcia Elande |
||
| 942 |
_2AGRIS _n0 _cMS |
||
| 999 |
_c281736 _d281736 |
||